[Event "1FoglarVeterans_GM"]
[Site "?"]
[Date "2005.??.??"]
[Round "?"]
[White "Vozda, Jindrich (CZE)"]
[Black "Horvath, Alexander (SVK)"]
[Result "1/2-1/2"]
[WhiteElo "2428"]
[BlackElo "2416"]
[PlyCount "61"]
[EventDate "2005.??.??"]
[EventType "corr"]
[SourceDate "2006.03.25"]

1. e4 c5 2. Nf3 d6 3. d4 cxd4 4. Nxd4 Nf6 5. Nc3 a6 6. Be3 e6 7. Be2 Qc7 8. a4
b6 9. f4 Bb7 10. Bf3 Nbd7 11. f5 e5 12. Nb3 Rc8 13. O-O Be7 14. Qe1 O-O 15. Qg3
Rfe8 16. Rad1 Qd8 17. Qe1 b5 18. axb5 axb5 19. Nxb5 Rxc2 20. Rf2 Rxf2 21. Bxf2
d5 22. Na5 Qb8 23. exd5 Ba8 24. Nc3 Qxb2 25. Nc6 Bf8 26. h3 Rc8 27. Qd2 Qxd2
28. Rxd2 Nxd5 29. Nxe5 Nxc3 30. Rxd7 f6 31. Bxa8 1/2-1/2

[Event "1FoglarVeterans_GM"]
[Site "?"]
[Date "2005.??.??"]
[Round "?"]
[White "Vozda, Jindrich (CZE)"]
[Black "Vasile, Constantin (ROM)"]
[Result "1-0"]
[WhiteElo "2428"]
[BlackElo "2342"]
[PlyCount "99"]
[EventDate "2005.??.??"]
[EventType "corr"]
[SourceDate "2006.03.25"]

1. e4 c5 2. Nf3 Nc6 3. d4 cxd4 4. Nxd4 Nf6 5. Nc3 e5 6. Ndb5 d6 7. Bg5 a6 8.
Na3 b5 9. Bxf6 gxf6 10. Nd5 f5 11. Bd3 Be6 12. O-O Bg7 13. Qh5 f4 14. c4 bxc4
15. Bxc4 O-O 16. Rac1 Rb8 17. b3 Qd7 18. Rc3 Bxd5 19. Bxd5 Nb4 20. Rd1 Nxa2 21.
Rh3 h6 22. Nc4 Nb4 23. Nxd6 Nxd5 24. Rxd5 Rfd8 25. Rhd3 Qe6 26. h3 Qf6 27. Qd1
Rb4 28. Nc4 Rxd5 29. Rxd5 Qc6 30. Kh2 Qg6 31. Qd3 Qg5 32. Rd6 Rb8 33. Rxa6 Qe7
34. Nd6 Rd8 35. Qd5 Qe6 36. Ra8 Rxa8 37. Qxa8+ Bf8 38. Nf5 Qxb3 39. Nxh6+ Kg7
40. Qd8 Kxh6 41. Qxf8+ Kg6 42. Qg8+ Kf6 43. h4 Qb2 44. f3 Ke7 45. Qg5+ f6 46.
Qg4 Qb8 47. h5 Qe8 48. Kh3 Qf7 49. Kh4 Qh7 50. Qc8 1-0

[Event "1FoglarVeterans_GM"]
[Site "?"]
[Date "2005.??.??"]
[Round "?"]
[White "Sage, Francois (FRA)"]
[Black "Kostal, Jindrich (CZE)"]
[Result "1/2-1/2"]
[WhiteElo "2456"]
[BlackElo "2450"]
[PlyCount "61"]
[EventDate "2005.??.??"]
[EventType "corr"]
[SourceDate "2006.03.25"]

1. d4 Nf6 2. c4 g6 3. Nf3 Bg7 4. g3 O-O 5. Bg2 d6 6. O-O Nbd7 7. Nc3 e5 8. e4
c6 9. h3 Re8 10. Be3 exd4 11. Nxd4 Nc5 12. Qc2 a5 13. Rad1 Qe7 14. Rfe1 Nfd7
15. f4 a4 16. Bf2 Qd8 17. Nf3 Bf8 18. Bd4 Qa5 19. Kh2 Ne6 20. Bg1 Nec5 21. Nb1
Nf6 22. Nh4 Be6 23. Bd4 Bg7 24. Bc3 Qc7 25. Nd2 Nh5 26. Nhf3 Bxc3 27. Qxc3 Qa5
28. Qa3 f6 29. Re3 Ng7 30. Nd4 Bf7 31. Ree1 1/2-1/2

[Event "1FoglarVeterans_GM"]
[Site "?"]
[Date "2005.??.??"]
[Round "?"]
[White "Roos, Jacqueline (FRA)"]
[Black "Kolarik, Jiri (CZE)"]
[Result "1/2-1/2"]
[WhiteElo "2403"]
[BlackElo "2377"]
[PlyCount "60"]
[EventDate "2005.??.??"]
[EventType "corr"]
[SourceDate "2006.03.25"]

1. e4 c6 2. d4 d5 3. Nd2 dxe4 4. Nxe4 Bf5 5. Ng3 Bg6 6. h4 h6 7. Nf3 Nd7 8. h5
Bh7 9. Bd3 Bxd3 10. Qxd3 Qc7 11. Bd2 e6 12. O-O-O Ngf6 13. Ne4 O-O-O 14. g3
Nxe4 15. Qxe4 Nf6 16. Qe2 Bd6 17. c4 c5 18. Bc3 cxd4 19. Nxd4 a6 20. Rd2 Rd7
21. Kb1 Rhd8 22. Nb3 Qc6 23. Re1 Bc7 24. Rxd7 Rxd7 25. g4 Bf4 26. f3 Bg3 27.
Rc1 Bf4 28. Rf1 Qc7 29. Re1 Qd6 30. Nc1 Kd8 1/2-1/2

[Event "1FoglarVeterans_GM"]
[Site "?"]
[Date "2005.??.??"]
[Round "?"]
[White "Sykora, Josef (CZE)"]
[Black "Nowak, Ireneusz (POL)"]
[Result "1/2-1/2"]
[WhiteElo "2546"]
[BlackElo "2398"]
[PlyCount "58"]
[EventDate "2005.??.??"]
[EventType "corr"]
[SourceDate "2006.03.25"]

1. c4 e5 2. Nc3 Nc6 3. Nf3 Nf6 4. g3 Bc5 5. Bg2 d6 6. O-O O-O 7. e3 a6 8. h3
Bf5 9. d4 Ba7 10. b3 exd4 11. Nxd4 Nxd4 12. exd4 Re8 13. Bb2 c6 14. d5 Qd7 15.
dxc6 bxc6 16. Qf3 Bxh3 17. Qxc6 Qf5 18. Rad1 Bxg2 19. Qxg2 Qc2 20. Ba1 Ng4 21.
Qf3 h5 22. Rc1 Qg6 23. Nd5 Qe4 24. Qxe4 Rxe4 25. Rc2 Rae8 26. Nc3 R4e6 27. Kg2
f5 28. Rd2 Bc5 29. Bb2 Kf7 1/2-1/2

[Event "1FoglarVeterans_GM"]
[Site "?"]
[Date "2005.??.??"]
[Round "?"]
[White "Kostal, Jindrich (CZE)"]
[Black "Vasile, Constantin (ROM)"]
[Result "1/2-1/2"]
[WhiteElo "2450"]
[BlackElo "2342"]
[PlyCount "121"]
[EventDate "2005.??.??"]
[EventType "corr"]
[SourceDate "2006.03.25"]

1. e4 c5 2. Nf3 Nc6 3. d4 cxd4 4. Nxd4 Nf6 5. Nc3 e5 6. Ndb5 d6 7. Bg5 a6 8.
Na3 b5 9. Bxf6 gxf6 10. Nd5 f5 11. c3 Bg7 12. exf5 Bxf5 13. Nc2 O-O 14. Nce3
Be6 15. Bd3 f5 16. O-O e4 17. Nf4 Bf7 18. Bc2 Be5 19. g3 Ne7 20. Bb3 Bxf4 21.
gxf4 Ng6 22. Kh1 Bxb3 23. Qxb3+ Kh8 24. Nd5 Qh4 25. Qb4 Nxf4 26. Qd4+ Kg8 27.
Rg1+ Ng6 28. f4 Rae8 29. Rg5 Re6 30. Rag1 Qh3 31. R5g3 Qh6 32. Nc7 Ref6 33. Ne8
R6f7 34. Qxd6 Rxe8 35. Rxg6+ hxg6 36. Rxg6+ Qg7 37. Rxg7+ Rxg7 38. Qd5+ Rf7 39.
Kg1 Kg7 40. Qd4+ Kg6 41. Qd5 Rf6 42. Kf1 Rh8 43. b3 Kg7 44. Qd7+ Kg6 45. Qd5
Kg7 46. Qd7+ Kg6 47. Qd5 Kg7 48. Qd2 Kf7 49. c4 bxc4 50. bxc4 Rh3 51. Qd5+ Kg7
52. Qd7+ Kg6 53. Qe8+ Kg7 54. Qe7+ Rf7 55. Qe5+ Kg8 56. Qe6 Rxh2 57. c5 Rc2 58.
c6 Kf8 59. Qd6+ Kg8 60. Qe6 Kf8 61. Qd6+ 1/2-1/2

[Event "1FoglarVeterans_GM"]
[Site "?"]
[Date "2005.??.??"]
[Round "?"]
[White "Vasile, Constantin (ROM)"]
[Black "Roos, Jacqueline (FRA)"]
[Result "0-1"]
[WhiteElo "2342"]
[BlackElo "2403"]
[PlyCount "114"]
[EventDate "2005.??.??"]
[EventType "corr"]
[SourceDate "2006.03.25"]

1. d4 Nf6 2. c4 e6 3. Nf3 b6 4. g3 Ba6 5. Qa4 Bb7 6. Bg2 c5 7. O-O cxd4 8. Nxd4
Bxg2 9. Kxg2 Be7 10. Nc3 O-O 11. Bf4 Qc8 12. e4 Qb7 13. f3 d6 14. Nc2 Rd8 15.
Rf2 Nc6 16. Rd2 Ne8 17. Na3 Bf6 18. Ne2 Ne5 19. Qb3 Rac8 20. Nc1 Qc7 21. Be3
Nd7 22. Nd3 Nc5 23. Qc2 Qb7 24. h4 Nd7 25. Qb3 Be7 26. h5 h6 27. g4 Rc7 28. Re1
Nef6 29. Rdd1 Nh7 30. Bf4 Rcc8 31. Nc2 Nc5 32. Nxc5 dxc5 33. Ne3 Nf8 34. Re2
Nd7 35. Red2 Nb8 36. Rxd8+ Bxd8 37. Qd3 Bf6 38. e5 Be7 39. b3 Rd8 40. Qe2 Rd4
41. Rxd4 cxd4 42. Nc2 Nc6 43. Qe4 Qd7 44. Qd3 Bg5 45. Bg3 Bc1 46. a4 Bb2 47. f4
Qb7 48. Kf2 Bc3 49. Ke2 Nb4 50. Nxb4 Qg2+ 51. Bf2 Bxb4 52. Qf3 d3+ 53. Qxd3
Qxg4+ 54. Qf3 Qf5 55. Bxb6 Qc2+ 56. Kf1 Qxb3 57. c5 Qxf3+ 0-1

[Event "1FoglarVeterans_GM"]
[Site "?"]
[Date "2005.??.??"]
[Round "?"]
[White "Vozda, Jindrich (CZE)"]
[Black "Roos, Jacqueline (FRA)"]
[Result "1/2-1/2"]
[WhiteElo "2428"]
[BlackElo "2403"]
[PlyCount "81"]
[EventDate "2005.??.??"]
[EventType "corr"]
[SourceDate "2006.03.25"]

1. e4 e5 2. Nf3 Nc6 3. Bb5 a6 4. Ba4 Nf6 5. O-O Be7 6. Re1 b5 7. Bb3 d6 8. c3
O-O 9. d4 Bg4 10. d5 Na5 11. Bc2 Qc8 12. a4 c6 13. Bg5 h6 14. Bxf6 Bxf6 15.
axb5 axb5 16. Bd3 cxd5 17. exd5 Nc4 18. Rxa8 Qxa8 19. Bxc4 bxc4 20. Na3 Qa6 21.
Re4 Bxf3 22. gxf3 Rc8 23. Qe2 Rc5 24. f4 Rxd5 25. fxe5 dxe5 26. Nxc4 g6 27. Qf1
Qa2 28. Qe2 Qa6 29. Qf1 Qb7 30. Qe2 Qb5 31. Qf3 Bg7 32. Ne3 Rd7 33. Rb4 Qd3 34.
Rb7 Rxb7 35. Qxb7 e4 36. Qd5 Qb1+ 37. Nd1 Qc2 38. b4 Qe2 39. h3 Bf6 40. b5 Bh4
41. b6 1/2-1/2

[Event "1FoglarVeterans_GM"]
[Site "?"]
[Date "2005.??.??"]
[Round "?"]
[White "Horvath, Alexander (SVK)"]
[Black "Kolarik, Jiri (CZE)"]
[Result "1-0"]
[WhiteElo "2416"]
[BlackElo "2377"]
[PlyCount "71"]
[EventDate "2005.??.??"]
[EventType "corr"]
[SourceDate "2006.03.25"]

1. e4 c6 2. d4 d5 3. exd5 cxd5 4. Bd3 Nc6 5. c3 Qc7 6. h3 Nf6 7. Nf3 e6 8. O-O
Bd6 9. Re1 O-O 10. Nbd2 Re8 11. Nf1 b6 12. Bg5 Nd7 13. Bh4 a5 14. Ng5 Nf6 15.
Ng3 h6 16. Nf3 Be7 17. Bxf6 Bxf6 18. Nh5 Be7 19. Qe2 a4 20. Bb5 a3 21. Bxc6
Qxc6 22. Ne5 Qc7 23. Qg4 g5 24. Qf3 f5 25. b3 Bd8 26. Rac1 Bb7 27. Qd3 Qe7 28.
c4 dxc4 29. bxc4 Rc8 30. d5 exd5 31. Qxf5 Qh7 32. Qg4 Rc7 33. Qd4 Re6 34. Rcd1
Rc5 35. Ng4 Rxc4 36. Qa1 1-0

[Event "1FoglarVeterans_GM"]
[Site "?"]
[Date "2005.??.??"]
[Round "?"]
[White "Sage, Francois (FRA)"]
[Black "Svoboda, Frantisek (CZE)"]
[Result "1-0"]
[WhiteElo "2456"]
[BlackElo "2459"]
[PlyCount "79"]
[EventDate "2005.??.??"]
[EventType "corr"]
[SourceDate "2006.03.25"]

1. d4 e6 2. c4 Nf6 3. Nc3 d5 4. cxd5 exd5 5. Bg5 c6 6. Qc2 Be7 7. e3 Nbd7 8.
Bd3 O-O 9. Nf3 Re8 10. O-O Nf8 11. h3 Be6 12. Ne5 N6d7 13. Bxe7 Qxe7 14. f4 f6
15. Nf3 Nb6 16. Rae1 Qd6 17. g4 Bf7 18. Qg2 Re7 19. g5 Rae8 20. gxf6 Qxf6 21.
Ne5 Nbd7 22. e4 Bg6 23. Qg3 Qd6 24. Kh1 Qb4 25. f5 Qxb2 26. Bc2 Nxe5 27. dxe5
Qxc2 28. Re2 Qxe2 29. Nxe2 Rxe5 30. fxg6 hxg6 31. Qf2 Rxe4 32. Ng1 R4e7 33.
Qxa7 Ne6 34. Re1 Rf7 35. Re5 g5 36. a4 d4 37. Qb6 Ree7 38. Qb3 Rf6 39. Nf3 Ref7
40. Nd2 1-0

[Event "1FoglarVeterans_GM"]
[Site "?"]
[Date "2005.??.??"]
[Round "?"]
[White "Svoboda, Frantisek (CZE)"]
[Black "Bures, Jilji (CZE)"]
[Result "1/2-1/2"]
[WhiteElo "2459"]
[BlackElo "2342"]
[PlyCount "57"]
[EventDate "2005.??.??"]
[EventType "corr"]
[SourceDate "2006.03.25"]

1. c4 e6 2. Nc3 d5 3. d4 Nf6 4. Nf3 c6 5. Bg5 Nbd7 6. cxd5 exd5 7. e3 Be7 8.
Bd3 O-O 9. Qc2 Re8 10. O-O Nf8 11. h3 Ne4 12. Bf4 f5 13. Ne5 Bg5 14. Bh2 Be6
15. b4 Nd7 16. b5 c5 17. Nxd7 cxd4 18. Ne2 Rc8 19. Qb2 Bxd7 20. Nxd4 Qf6 21.
Qb3 Rc5 22. Rac1 Qb6 23. Bxe4 fxe4 24. Rxc5 Qxc5 25. Rd1 Bf6 26. a4 Rc8 27. Bg3
Qc4 28. Qa3 Qc5 29. Qb3 1/2-1/2

[Event "1FoglarVeterans_GM"]
[Site "?"]
[Date "2005.??.??"]
[Round "?"]
[White "Vozda, Jindrich (CZE)"]
[Black "Bures, Jilji (CZE)"]
[Result "1/2-1/2"]
[WhiteElo "2428"]
[BlackElo "2414"]
[PlyCount "65"]
[EventDate "2005.??.??"]
[EventType "corr"]
[SourceDate "2006.03.25"]

1. e4 c5 2. Nf3 Nc6 3. d4 cxd4 4. Nxd4 Nf6 5. Nc3 e5 6. Ndb5 d6 7. Bg5 a6 8.
Na3 b5 9. Bxf6 gxf6 10. Nd5 f5 11. Bd3 Be6 12. O-O Bxd5 13. exd5 Ne7 14. c3 Bg7
15. Qh5 e4 16. Be2 O-O 17. Nc2 f4 18. Qg5 f5 19. Rfd1 f3 20. gxf3 Kh8 21. Kh1
Be5 22. Nd4 Qe8 23. Rg1 Qf7 24. Ne6 Rg8 25. Qd2 Bxh2 26. Rxg8+ Rxg8 27. f4 Qf6
28. Qd4 Qxd4 29. cxd4 Nxd5 30. Kxh2 Rg6 31. Nd8 Nxf4 32. Bf1 Kg7 33. Rc1
1/2-1/2

[Event "1FoglarVeterans_GM"]
[Site "?"]
[Date "2005.??.??"]
[Round "?"]
[White "Lounek, Jan (CZE)"]
[Black "Nowak, Ireneusz (POL)"]
[Result "1-0"]
[WhiteElo "2502"]
[BlackElo "2398"]
[PlyCount "61"]
[EventDate "2005.??.??"]
[EventType "corr"]
[SourceDate "2006.03.25"]

1. e4 c6 2. d4 d5 3. e5 Bf5 4. Nc3 e6 5. g4 Bg6 6. Nge2 c5 7. h4 h5 8. Nf4 Bh7
9. Nxh5 cxd4 10. Nb5 Nc6 11. Nxd4 Nge7 12. c3 Nxe5 13. Bb5+ N5c6 14. Bg5 Qc7
15. O-O a6 16. Ba4 Bg6 17. Re1 Bxh5 18. gxh5 Qd7 19. Qf3 b5 20. Nxc6 Nxc6 21.
Bb3 Be7 22. Rad1 O-O-O 23. c4 bxc4 24. Bxc4 Kb7 25. Bxe7 Nxe7 26. Re3 Nc6 27.
Rb3+ Ka7 28. Bxa6 Kxa6 29. Rc1 Na5 30. Qd3+ Nc4 31. Rb4 1-0

[Event "1FoglarVeterans_GM"]
[Site "?"]
[Date "2005.??.??"]
[Round "?"]
[White "Kolarik, Jiri (CZE)"]
[Black "Vozda, Jindrich (CZE)"]
[Result "0-1"]
[WhiteElo "2377"]
[BlackElo "2428"]
[PlyCount "50"]
[EventDate "2005.??.??"]
[EventType "corr"]
[SourceDate "2006.03.25"]

1. Nf3 c5 2. c4 b6 3. Nc3 Bb7 4. e4 e6 5. d4 cxd4 6. Nxd4 Nc6 7. Be2 Nf6 8. O-O
Qb8 9. Nc2 Bc5 10. Kh1 Nb4 11. Bd2 h5 12. Nxb4 Bxb4 13. f3 h4 14. Nb5 Be7 15.
Be3 a6 16. Nc3 Bd6 17. Na4 Bxh2 18. Nxb6 Bf4 19. Bf2 Bg3 20. Qe1 Nh5 21. Kg1
Qe5 22. Nxa8 Bxa8 23. f4 Nxf4 24. Bf3 Qg5 25. Rd1 f5 0-1

[Event "1FoglarVeterans_GM"]
[Site "?"]
[Date "2005.??.??"]
[Round "?"]
[White "Lounek, Jan (CZE)"]
[Black "Svoboda, Frantisek (CZE)"]
[Result "1/2-1/2"]
[WhiteElo "2502"]
[BlackElo "2459"]
[PlyCount "70"]
[EventDate "2005.??.??"]
[EventType "corr"]
[SourceDate "2006.03.25"]

1. d4 e6 2. g3 d5 3. Bg2 Nf6 4. Nf3 Be7 5. c4 O-O 6. O-O dxc4 7. Qc2 a6 8. a4
Bd7 9. Qxc4 Bc6 10. Bg5 Nbd7 11. Nc3 h6 12. Bxf6 Nxf6 13. Rfe1 Ne4 14. Qd3 Nf6
15. e4 b6 16. Rad1 Bb7 17. Qc4 c6 18. Qb3 Qc7 19. e5 Nd7 20. Rc1 Rac8 21. Nd2
Rfd8 22. Qc4 Qb8 23. Nb3 a5 24. Qe2 Bb4 25. Red1 c5 26. Bxb7 Qxb7 27. Nb5 cxd4
28. Rxc8 Qxc8 29. N3xd4 Nb8 30. Rd3 Na6 31. Nb3 Nc7 32. N3d4 Qd7 33. Nxc7 Qxc7
34. Nb5 Qc1+ 35. Kg2 Rxd3 1/2-1/2

[Event "1FoglarVeterans_GM"]
[Site "?"]
[Date "2005.??.??"]
[Round "?"]
[White "Vasile, Constantin (ROM)"]
[Black "Nowak, Ireneusz (POL)"]
[Result "1/2-1/2"]
[WhiteElo "2342"]
[BlackElo "2398"]
[PlyCount "115"]
[EventDate "2005.??.??"]
[EventType "corr"]
[SourceDate "2006.03.25"]

1. d4 d5 2. c4 e6 3. Nc3 Nf6 4. Nf3 Be7 5. Bg5 h6 6. Bxf6 Bxf6 7. e3 O-O 8. Rc1
c6 9. Bd3 Nd7 10. cxd5 exd5 11. O-O Be7 12. a3 Nf6 13. Ne5 Bd6 14. f4 Be6 15.
Na4 Qe7 16. Nc5 Bg4 17. Qe1 a5 18. Qf2 Rfe8 19. Rfe1 a4 20. Qc2 Bxc5 21. dxc5
Be6 22. h3 Reb8 23. g4 Re8 24. Kh2 Bc8 25. Kg3 Qc7 26. Qc3 Nh7 27. h4 Be6 28.
Qc2 Nf6 29. g5 hxg5 30. hxg5 Nd7 31. Nxd7 Qxd7 32. Rcd1 Bg4 33. Rd2 Bh5 34.
Bh7+ Kf8 35. Bf5 Qe7 36. Qc3 Kg8 37. Rh2 g6 38. Bg4 Qe4 39. Bxh5 gxh5 40. Rxh5
d4 41. Qd2 Rad8 42. Qh2 Kf8 43. Rh7 Qg6 44. e4 d3 45. Kf2 d2 46. Rd1 Rxe4 47.
Rh8+ Ke7 48. Rxd8 Kxd8 49. Rxd2+ Ke7 50. Kf3 Re1 51. Re2+ Rxe2 52. Qxe2+ Kf8
53. Qd2 Qb1 54. Qd8+ Kg7 55. Qd4+ Kg8 56. Kg4 Qh1 57. Qd6 Kg7 58. Qd4+ 1/2-1/2

[Event "1FoglarVeterans_GM"]
[Site "?"]
[Date "2005.??.??"]
[Round "?"]
[White "Sage, Francois (FRA)"]
[Black "Vozda, Jindrich (CZE)"]
[Result "0-1"]
[WhiteElo "2456"]
[BlackElo "2428"]
[PlyCount "110"]
[EventDate "2005.??.??"]
[EventType "corr"]
[SourceDate "2006.03.25"]

1. d4 e6 2. c4 Nf6 3. Nc3 c5 4. d5 exd5 5. cxd5 d6 6. e4 g6 7. f4 Bg7 8. Bb5+
Nfd7 9. Be2 Qh4+ 10. g3 Qd8 11. Nf3 O-O 12. O-O Re8 13. Qc2 Na6 14. Bd2 Nc7 15.
Rae1 a6 16. Nd1 Nf6 17. Nf2 Ng4 18. Nxg4 Bxg4 19. Bc3 Bxc3 20. bxc3 b5 21. c4
bxc4 22. Bxc4 Nb5 23. Nd2 f6 24. Qc1 Kg7 25. Re3 Nd4 26. Rfe1 a5 27. Qc3 a4 28.
Bf1 Bd7 29. Bg2 Nb5 30. Qd3 Nd4 31. Nf3 Nxf3+ 32. Bxf3 Qa5 33. Qc4 Qb4 34. Qc1
Rab8 35. Qd1 Rb6 36. Bg2 h5 37. Bf1 Reb8 38. e5 fxe5 39. fxe5 Bg4 40. Qc1 Qd4
41. exd6 Rxd6 42. Bg2 Bf5 43. Kh1 Rd7 44. Be4 Bxe4+ 45. Rxe4 Qxd5 46. Qc3+ Kh7
47. Qc4 Rb4 48. Qxd5 Rxd5 49. a3 Rxe4 50. Rxe4 Rd4 51. Re5 Rc4 52. Re3 Kg7 53.
Rf3 Rc2 54. Rf4 c4 55. h3 c3 0-1

[Event "1FoglarVeterans_GM"]
[Site "?"]
[Date "2005.??.??"]
[Round "?"]
[White "Horvath, Alexander (SVK)"]
[Black "Lounek, Jan (CZE)"]
[Result "1/2-1/2"]
[WhiteElo "2416"]
[BlackElo "2502"]
[PlyCount "96"]
[EventDate "2005.??.??"]
[EventType "corr"]
[SourceDate "2006.03.25"]

1. e4 c5 2. c3 Nf6 3. e5 Nd5 4. Nf3 Nc6 5. Bc4 Nb6 6. Bb3 c4 7. Bc2 Qc7 8. Qe2
g5 9. h3 Bg7 10. O-O Nxe5 11. Nxg5 h6 12. Nf3 Rg8 13. Re1 d6 14. Na3 Bf6 15.
Nxe5 Bxe5 16. Qf3 Bd7 17. d4 cxd3 18. Bxd3 Bc6 19. Be4 d5 20. Bd3 Nd7 21. Nb5
Qb6 22. a4 a6 23. a5 Qc5 24. Nd4 Bxd4 25. cxd4 Qxd4 26. Bh7 Rh8 27. Bd3 e6 28.
Bf4 Rg8 29. Bd6 Qxb2 30. Bf1 Qf6 31. Qd1 Rg5 32. f4 Rg8 33. Ra2 Qh4 34. f5 e5
35. Bxe5 Nxe5 36. Rxe5+ Kf8 37. Rf2 Re8 38. Qe1 Kg7 39. f6+ Kh8 40. Re7 Ref8
41. Qc3 Rg3 42. Qe5 Rfg8 43. Qf4 Qh5 44. h4 Qg6 45. Qf5 Qxf5 46. Rxf5 Rf8 47.
Rf4 Ra3 48. Be2 Rxa5 1/2-1/2

[Event "1FoglarVeterans_GM"]
[Site "?"]
[Date "2005.??.??"]
[Round "?"]
[White "Kostal, Jindrich (CZE)"]
[Black "Roos, Jacqueline (FRA)"]
[Result "1/2-1/2"]
[WhiteElo "2450"]
[BlackElo "2403"]
[PlyCount "83"]
[EventDate "2005.??.??"]
[EventType "corr"]
[SourceDate "2006.03.25"]

1. e4 e5 2. Nf3 Nc6 3. Bb5 a6 4. Ba4 Nf6 5. O-O Be7 6. Re1 b5 7. Bb3 d6 8. c3
O-O 9. h3 Bb7 10. d3 Na5 11. Bc2 c5 12. d4 cxd4 13. cxd4 Qc7 14. Nc3 Rac8 15.
a3 Nc4 16. Bd3 exd4 17. Nxd4 Rfe8 18. b3 Ne5 19. Bb2 Bf8 20. Bc2 Rcd8 21. Qd2
d5 22. exd5 Nxd5 23. Nxd5 Bxd5 24. Rad1 Ba8 25. Bb1 Ng6 26. Rxe8 Rxe8 27. Qc1
Qb7 28. f3 b4 29. Kh1 Rc8 30. Bc2 Qb8 31. axb4 Nh4 32. Rg1 Bxb4 33. Qe3 Ng6 34.
Bd3 Bb7 35. Nf5 Bc5 36. Bd4 Re8 37. Qf2 Bf8 38. Re1 Nf4 39. Bf1 Rxe1 40. Qxe1
Nxh3 41. Qa5 Ng5 42. Be5 1/2-1/2

[Event "1FoglarVeterans_GM"]
[Site "?"]
[Date "2005.??.??"]
[Round "?"]
[White "Sage, Francois (FRA)"]
[Black "Bures, Jilji (CZE)"]
[Result "1/2-1/2"]
[WhiteElo "2456"]
[BlackElo "2414"]
[PlyCount "126"]
[EventDate "2005.??.??"]
[EventType "corr"]
[SourceDate "2006.03.25"]

1. d4 d5 2. c4 e6 3. Nc3 Nf6 4. cxd5 exd5 5. Bg5 c6 6. Qc2 Be7 7. e3 Nbd7 8.
Bd3 O-O 9. Nf3 Re8 10. O-O Nf8 11. Rae1 Ne4 12. Bxe7 Qxe7 13. Bxe4 dxe4 14. Nd2
f5 15. f3 exf3 16. Nxf3 Be6 17. e4 fxe4 18. Rxe4 h6 19. Rfe1 Rad8 20. Ne5 Qc7
21. R4e3 Qb6 22. Nf3 Bf7 23. Na4 Qc7 24. Qc1 Rxe3 25. Qxe3 Re8 26. Ne5 Bxa2 27.
b3 Nd7 28. Ra1 b5 29. Rxa2 bxa4 30. Rxa4 c5 31. Qc3 Nxe5 32. dxe5 Rxe5 33. h3
Qe7 34. Ra1 Re2 35. Qg3 Qf7 36. Kh2 Qb7 37. Rd1 Qe7 38. Ra1 Kh7 39. Qd3+ Kh8
40. Qg3 Kh7 41. Qd3+ g6 42. Qg3 Re6 43. Qb8 a6 44. Rd1 Re3 45. Rd8 h5 46. Rh8+
Kg7 47. Rg8+ Kf7 48. Rc8 Qe5+ 49. Qxe5 Rxe5 50. Ra8 Re3 51. Rxa6 Rxb3 52. Rc6
Rc3 53. g3 Rc2+ 54. Kg1 c4 55. h4 c3 56. Kf1 Ke7 57. Ke1 Rc1+ 58. Ke2 c2 59.
Rc3 Rg1 60. Kd2 Rg2+ 61. Kc1 Kf6 62. Ra3 Kf5 63. Ra5+ Kg4 1/2-1/2

[Event "1FoglarVeterans_GM"]
[Site "?"]
[Date "2005.??.??"]
[Round "?"]
[White "Horvath, Alexander (SVK)"]
[Black "Svoboda, Frantisek (CZE)"]
[Result "1-0"]
[WhiteElo "2416"]
[BlackElo "2459"]
[PlyCount "93"]
[EventDate "2005.??.??"]
[EventType "corr"]
[SourceDate "2006.03.25"]

1. e4 e6 2. d4 d5 3. Nc3 Nf6 4. Bg5 dxe4 5. Nxe4 Be7 6. Bxf6 Bxf6 7. Nf3 Nd7 8.
Qd2 O-O 9. O-O-O b6 10. Bc4 Bb7 11. Rhe1 Bd5 12. Bd3 c5 13. c4 Bb7 14. d5 exd5
15. cxd5 Bxd5 16. Bc2 Be6 17. Neg5 Bxg5 18. Nxg5 Nf6 19. Nxe6 Qxd2+ 20. Rxd2
fxe6 21. Bb3 Rfd8 22. Rxe6 Kf8 23. Rde2 Re8 24. f4 Rxe6 25. Bxe6 Re8 26. Bc4 a5
27. a4 h6 28. Rxe8+ Nxe8 29. Kd2 Ke7 30. Ke3 Nd6 31. b3 Kd7 32. g3 Ke7 33. g4
g5 34. Kf3 Kf6 35. Bd3 Ke6 36. Kg3 Kf6 37. h4 gxh4+ 38. Kxh4 Kf7 39. g5 hxg5+
40. fxg5 Nc8 41. Kg4 Ne7 42. Be4 Nc8 43. Kf4 Nd6 44. Ke5 Ke7 45. Bd5 Ne8 46.
Bc4 Ng7 47. Bb5 1-0

[Event "1FoglarVeterans_GM"]
[Site "?"]
[Date "2005.??.??"]
[Round "?"]
[White "Horvath, Alexander (SVK)"]
[Black "Sykora, Josef (CZE)"]
[Result "1/2-1/2"]
[WhiteElo "2416"]
[BlackElo "2546"]
[PlyCount "82"]
[EventDate "2005.??.??"]
[EventType "corr"]
[SourceDate "2006.03.25"]

1. e4 c6 2. d4 d5 3. exd5 cxd5 4. Bd3 Nc6 5. c3 Nf6 6. Bf4 Bg4 7. Qb3 Qc8 8.
Nd2 e6 9. Ngf3 Be7 10. O-O O-O 11. Ne5 Bh5 12. Rfe1 Nxe5 13. Bxe5 Bg6 14. Bxg6
hxg6 15. a4 Qc6 16. h3 Rfc8 17. a5 b5 18. axb6 axb6 19. Bf4 b5 20. Nf3 Qc4 21.
Qc2 Nd7 22. Rec1 Qc6 23. Qd3 Ra4 24. Qd1 Rca8 25. Ne1 Qa6 26. Nc2 Qb7 27. Ne1
R8a7 28. Nd3 Qa6 29. Rxa4 bxa4 30. Ra1 Qc6 31. Qc1 Ra8 32. Bg5 Bf8 33. Bf4 Qb5
34. Qc2 Nb6 35. Ne5 Nc4 36. Nxc4 Qxc4 37. g3 Ra7 38. Kg2 Be7 39. h4 Ra6 40. Kg1
Bf6 41. Qb1 Be7 1/2-1/2

[Event "1FoglarVeterans_GM"]
[Site "?"]
[Date "2005.??.??"]
[Round "?"]
[White "Sykora, Josef (CZE)"]
[Black "Svoboda, Frantisek (CZE)"]
[Result "1/2-1/2"]
[WhiteElo "2546"]
[BlackElo "2459"]
[PlyCount "70"]
[EventDate "2005.??.??"]
[EventType "corr"]
[SourceDate "2006.03.25"]

1. d4 Nf6 2. c4 e6 3. Nc3 d5 4. cxd5 exd5 5. Bg5 c6 6. e3 Nbd7 7. Bd3 Bd6 8.
Nf3 Nf8 9. Qc2 Ng6 10. Nh4 O-O 11. O-O-O Be7 12. Nf5 Bxf5 13. Bxf5 Re8 14. h4
Nf8 15. g4 a5 16. Bf4 a4 17. g5 N6d7 18. Rdg1 a3 19. b3 Bb4 20. h5 g6 21. Bg4
Ne6 22. Ne2 c5 23. hxg6 fxg6 24. Kb1 Rc8 25. Rh6 cxd4 26. Qd3 dxe3 27. Rgh1
Nxf4 28. Rxh7 Qxg5 29. Nxf4 Nf8 30. Rh8+ Kg7 31. fxe3 Qf6 32. Qe2 Rcd8 33. Nd3
Qc3 34. R8h2 Bd6 35. Rc1 Qf6 1/2-1/2

[Event "1FoglarVeterans_GM"]
[Site "?"]
[Date "2005.??.??"]
[Round "?"]
[White "Lounek, Jan (CZE)"]
[Black "Kostal, Jindrich (CZE)"]
[Result "1/2-1/2"]
[WhiteElo "2502"]
[BlackElo "2450"]
[PlyCount "90"]
[EventDate "2005.??.??"]
[EventType "corr"]
[SourceDate "2006.03.25"]

1. e4 e5 2. Nf3 Nc6 3. Bb5 a6 4. Ba4 Nf6 5. O-O Be7 6. Re1 b5 7. Bb3 O-O 8. a4
Bb7 9. d3 d6 10. Nbd2 Nd7 11. axb5 axb5 12. Rxa8 Qxa8 13. c3 Bf6 14. Nf1 Ne7
15. Ng3 Ng6 16. d4 c5 17. Bc2 d5 18. dxe5 Ndxe5 19. exd5 Nxf3+ 20. Qxf3 Bxd5
21. Be4 Bxe4 22. Nxe4 Be7 23. Qf5 Rd8 24. Ng3 Bf8 25. h3 h6 26. Be3 Qa2 27. Ne4
Rd5 28. Qc8 c4 29. Qb7 Re5 30. Nd2 Qa4 31. Nf3 Re7 32. Qb8 Qb3 33. Re2 Qd1+ 34.
Re1 Qd5 35. Ra1 Kh7 36. Qa8 Rb7 37. Bd4 Bd6 38. Re1 Be7 39. Re3 Rd7 40. Qxd5
Rxd5 41. g3 h5 42. Re1 h4 43. Ra1 hxg3 44. fxg3 Nf8 45. Kf2 Ne6 1/2-1/2

[Event "1FoglarVeterans_GM"]
[Site "?"]
[Date "2005.??.??"]
[Round "?"]
[White "Nowak, Ireneusz (POL)"]
[Black "Canibal, Jaromir (CZE)"]
[Result "0-1"]
[WhiteElo "2398"]
[BlackElo "2386"]
[PlyCount "38"]
[EventDate "2005.??.??"]
[EventType "corr"]
[SourceDate "2006.03.25"]

1. e4 e5 2. Nf3 Nc6 3. Bb5 a5 4. O-O Na7 5. Be2 d6 6. d4 Bg4 7. c3 Bxf3 8. Bxf3
Nf6 9. Na3 Be7 10. Nc4 Nc6 11. d5 Nb8 12. Qb3 b6 13. Ne3 O-O 14. Nf5 Ne8 15.
Be2 Bg5 16. Ne3 Nd7 17. Bb5 Nef6 18. f3 g6 19. Qc2 Nh5 0-1